WRITING FOR MULTIMEDIA AND THE WEB : (Registro nro. 51527)
[ vista simple ]
| 000 -LEADER | |
|---|---|
| fixed length control field | 00840nam a2200193 a 4500 |
| 001 - CONTROL NUMBER | |
| control field | 51527 |
| 005 - DATE AND TIME OF LATEST TRANSACTION | |
| control field | 20180714041016.0 |
| 008 - FIXED-LENGTH DATA ELEMENTS--GENERAL INFORMATION | |
| fixed length control field | 140415d 000 0 eng d |
| 020 ## - INTERNATIONAL STANDARD BOOK NUMBER | |
| International Standard Book Number | 9780240808222 |
| 041 ## - LANGUAGE CODE | |
| Language code of text/sound track or separate title | eng |
| 082 ## - DEWEY DECIMAL CLASSIFICATION NUMBER | |
| Classification number | 006.78 |
| Item number | GAR |
| 100 1# - MAIN ENTRY--PERSONAL NAME | |
| Personal name | GARRAND, TIMOTHY |
| 245 10 - TITLE STATEMENT | |
| Title | WRITING FOR MULTIMEDIA AND THE WEB : |
| Remainder of title | A PRACTICAL GUIDE TO CONTENT DEVELOPMENT FOR INTERACTIVE MEDIA |
| 250 ## - EDITION STATEMENT | |
| Edition statement | 1a ed. |
| 260 ## - PUBLICATION, DISTRIBUTION, ETC. | |
| Place of publication, distribution, etc. | [s.l.] : |
| Name of publisher, distributor, etc. | ELSEVIER, |
| Date of publication, distribution, etc. | [s.f.] |
| 300 ## - PHYSICAL DESCRIPTION | |
| Extent | 511 |
| Dimensions | 19 x 2.2 x 24.6 |
| 520 ## - SUMMARY, ETC. | |
| Summary, etc. | LEARNIGN HOW TO WRITE FOR JUST ONE TYPE OF INTERACTIVE MEDIA, SUCH AS WEB SITES OR GAMES, IS NOT ENOUGH-TOBE TRULY SUCDESSFUL AS AN INTERCTIVE WRITER OR DESIGNER, YOU NEED TO UNDERSTAND HOW TO CREATE CONTENT FOR ALL TYPES OF NEW MEDIA |
| 650 14 - SUBJECT ADDED ENTRY--TOPICAL TERM | |
| Topical term or geographic name entry element | MULTIMEDIA |
| General subdivision | WORLD WIDE WEB (SERVICIO DE INFORMACION SOBRE REDES) |
| Withdrawn status | Lost status | Source of classification or shelving scheme | Damaged status | Not for loan | Collection code | Home library | Current library | Shelving location | Date acquired | Source of acquisition | Inventory number | Total Checkouts | Full call number | Barcode | Date last seen | Date last checked out | Price effective from | Koha item type |
|---|---|---|---|---|---|---|---|---|---|---|---|---|---|---|---|---|---|---|
| Dewey Decimal Classification | General | Biblioteca Karol Wojtyla | Biblioteca Karol Wojtyla | Sala general | 03/12/2013 | Compra | 151000000000000000059611 | 1 | '006.78 GAR | 76742 | 05/01/2026 | 03/04/2019 | 03/12/2013 | Libro |